| 000 | 00688nam a22002177a 4500 | ||
|---|---|---|---|
| 003 | OSt | ||
| 005 | 20140409173602.0 | ||
| 008 | 130523s1998 sp ||||| |||| 00| 0 cat d | ||
| 020 | _a8489890072 | ||
| 040 | _cCDMR | ||
| 100 | 1 |
_9498 _aMartí Martí, Josep Maria |
|
| 245 | 1 | 0 |
_aPeriodisme radiofònic i transició política a Reus _cJosep M. Martí i Martí |
| 260 |
_aValls _bCossetània _c1998 |
||
| 300 | _a112 p. | ||
| 490 | 0 |
_aEl Tinter _v4 |
|
| 610 | 2 |
_93520 _aMestral (Revista) |
|
| 650 | 0 | 4 |
_93756 _aRàdio local _xHistòria _y1970-1980 _zCatalunya |
| 650 | 0 | 4 |
_92807 _aMitjans de comunicació de massa _xAspectes polítics _zCatalunya |
| 610 | 2 |
_93519 _aRàdio Reus |
|
| 942 |
_2udc _cMON |
||
| 999 |
_c6303 _d6303 |
||